LEADER 01389nam0-22003851i-450- 001 990001334460403321 010 $a0-8218-0297-6 035 $a000133446 035 $aFED01000133446 035 $a(Aleph)000133446FED01 035 $a000133446 100 $a20000920d1995----km-y0itay50------ba 101 0 $aeng 200 1 $aApplications of hypergroups and related measure algebras$ea joint summer research conference, july 31-august 6, 1993, Seattle (WA)$fEditors William C. Connett, Marc-Olivier Gebuhrer, Alan L. Schwartz. 210 $aProvidence (RI)$cAmerican Mathematical Society$dc1995. 215 $axiii, 441 p.$d24 cm 225 1 $aContemporary mathematics$v183 610 0 $aIpergruppi$aCongressi 610 0 $aMisure algebriche$aCongressi 676 $a515.785 702 1$aConnett,$bWilliam C. 702 1$aGebuhrer,$bMarc-Olivier 702 1$aSchwartz,$bAlan L. 702 1$aSeattle (wa),$b1993 710 11$aJOINT SUMMER RESEARCH CONFERENCE ON APPLICATIONS OF HYPERGROUPS AND RELATED MEASURE ALGEBRAS, July 31-August 6, 1993, Seattle, Washington$0350793 801 0$aIT$bUNINA$gRICA$2UNIMARC 901 $aBK 912 $a990001334460403321 952 $aC-1-(183$b13958$fMA1 959 $aMA1 962 $a43A62 962 $a34B24 996 $aApplications of hypergroups and related measure algebras$9376042 997 $aUNINA DB $aING01 LEADER 01710oas 22006014a 450 001 9910144872103321 005 20250603213023.0 035 $a(OCoLC)1083314159 035 $a(CONSER)cn2006702884 035 $a(CKB)1000000000247325 035 $a(EXLCZ)991000000000247325 100 $a20060519a20059999 sa a 101 0 $aeng 135 $aurcn||||||||| 200 00$aHousing market outlook$iCanada 210 $a[Ottawa] $cCanada Mortgage and Housing Corporation$d[2005]- 300 $aTitle from caption (viewed on May 19, 2006). 300 $aPublisher's website: http://www.cmhc-schl.gc.ca. 300 $aDistributed by the Government of Canada Depository Services Program. 311 08$a1719-9123 606 $aHousing$zCanada$vStatistics$vPeriodicals 606 $aLogement$zCanada$vStatistiques$vPe?riodiques 606 $aHousing$2fast 607 $aCanada$2fast$1https://id.oclc.org/worldcat/entity/E39PBJkMHVW4rfVXPrhVP4VwG3 608 $aPeriodicals.$2fast 608 $aStatistics.$2fast 615 0$aHousing 615 6$aLogement 615 7$aHousing. 676 $a333.33 686 $acci1icc$2lacc 686 $acoll14$2lacc 686 $acoll20$2lacc 686 $acoll29$2lacc 686 $acoll108$2lacc 712 02$aCanada Mortgage and Housing Corporation. 801 0$bNLC 801 1$bNLC 801 2$bOCLCO 801 2$bOCLCF 801 2$bCGC 801 2$bHEBIS 801 2$bREDDC 801 2$bLVT 801 2$bOCLCQ 801 2$bOCLCL 801 2$bOCLCQ 801 2$bNLC 801 2$bOCLCL 906 $aJOURNAL 912 $a9910144872103321 996 $aHousing market outlook$92574312 997 $aUNINA